| 000 | 00493 a2200181 4500 | ||
|---|---|---|---|
| 020 | _a0-03-094904-1 | ||
| 020 | _a0-03-015253-4 | ||
| 040 |
_aDLC _bDLC |
||
| 100 | 1 | _aComer, David J. | |
| 245 | 0 | 0 |
_aDigital logic and state machine design _cDavid J. Comer |
| 250 | _a3. ed. | ||
| 260 |
_aFort Worth : _bSaunders College Publ., _c1995 |
||
| 300 |
_axv, 573 p. : _bill. |
||
| 650 | 4 | _aDatateknik | |
| 650 | 4 | _aDigitalteknik | |
| 650 | 4 | _aIntegrerade kretsar | |
| 942 |
_cBK _k621.3815372 COM _2ddc |
||
| 999 |
_c10401 _d10401 |
||